ロード中...
Leadership in India
| その他の著者: | |
|---|---|
| フォーマット: | Printed Book |
| 出版事項: |
Bombay;
Asia Publishing House;
1967
|
| 主題: |
| LEADER | 00467nam a22001337a 4500 | ||
|---|---|---|---|
| 082 | |a 301 |b VID/L K7 | ||
| 245 | |a Leadership in India | ||
| 260 | |a Bombay; |b Asia Publishing House; |c 1967 | ||
| 300 | |a xxii+375p. | ||
| 650 | |a English; Sociology |9 308599 | ||
| 700 | |a L P Vidyarthi (Ed.) |9 198947 | ||
| 942 | |c BK | ||
| 999 | |c 72914 |d 72914 | ||
| 952 | |0 0 |1 0 |4 0 |6 301_000000000000000_VID_L_K7 |7 0 |8 SOCIO |9 86032 |a MAL |b MAL |d 2017-01-16 |e 35631 |l 0 |o 301 VID/L K7 |p MAL035631 |r 2017-01-16 |t 1 |w 2017-01-16 |y BK | ||